000
00280nam a2200109 4500
245
_a
Drama in performance
_c
Raymond Williams
100
_a
Williams, Raymond
260
_a
London
_b
C.A.Watt
_c
1968
300
_a
x,198p.:ill., 24cm.-
490
_a
New thinkers library
082
_a
792
_b
WIL
999
_c
984
_d
984